| 000 -LEADER |
| fixed length control field |
00442nam a22001337a 4500 |
| 008 - FIXED-LENGTH DATA ELEMENTS--GENERAL INFORMATION |
| fixed length control field |
230306b ||||| |||| 00| 0 eng d |
| 100 ## - MAIN ENTRY--PERSONAL NAME |
| Personal name |
Saghar, Amol |
| 245 ## - TITLE STATEMENT |
| Title |
Merchants, guilds and temple towns in an early south Asian Kingdom: Pallavan Tmail Nadu (crca 4th-9th centuries CE) |
| 260 ## - PUBLICATION, DISTRIBUTION, ETC. (IMPRINT) |
| Place of publication, distribution, etc |
Social Scientist |
| 300 ## - PHYSICAL DESCRIPTION |
| Extent |
50(11-12), Nov-Dec, 2022: p.65-72 |
| 773 ## - HOST ITEM ENTRY |
| Main entry heading |
Social Scientist |
| 906 ## - LOCAL DATA ELEMENT F, LDF (RLIN) |
| Subject DIP |
RELIGION |
| 942 ## - ADDED ENTRY ELEMENTS (KOHA) |
| Item type |
Articles |